Shake It Up characters - Statistics

General Stats
  • This quiz has been taken 205 times
  • The average score is 7 of 10
Answer Stats
Hint Answer % Correct
Main character, red hair Cece
99%
Main character, nerd rocky
98%
Nerdy dancer's brother Ty
81%
female european extange student Tinka
66%
Fun friend, family owns pizza shop Deuce
64%
Red hair dancer's brother Flynn
64%
male European extange student Gunther
63%
origional host of Shake It Up Gary Wilde
54%
girlfriend of pizza shop owner Dina
52%
Perky mom- cop georgia
34%
No matching quizzes found
Score Distribution
Percent of People with Each Score
Percentile by Number Answered
Your Score History
You have not taken this quiz